| 000 | 01578nam2a22002411 4500 | ||
|---|---|---|---|
| 001 | rc\679687 | ||
| 005 | 20250621231638.0 | ||
| 035 | _a(NLR Aleph) 005972194 | ||
| 090 |
_a6946443 _c6946443 |
||
| 100 | _a20031121d1989 |||y0rusy50 ca | ||
| 101 | 0 | _arus | |
| 102 | _aRU | ||
| 105 | _aa ||||||||| | ||
| 200 | 0 |
_aЧ. 3 _fА.Г. Китов, Ю.Д. Огородников, Н.В. Пигалова, М.Ф. Шкирев |
|
| 210 |
_d1989 _aБ. м. |
||
| 215 |
_a80 с. _cил. |
||
| 320 | _aБиблиогр.: с. 77-78 | ||
| 461 | 0 |
_1001rc\679684 _12001#$aАвтоматизированные системы управления предприятиями на речном транспорте$eКонспект лекций для студентов мех., кораблестроит., электромех. и ПТМ фак.$fА.Г. Китов, В.И. Кожухарь, Ю.Д. Огородников и др.$gПод общ. ред. А.Г. Китова$gМ-во реч. флота РСФСР, Горьк. ин-т инж. вод. трансп.$vЧ. 3 _99557736 _cГорький _d1985- _fА.Г. Китов, В.И. Кожухарь, Ю.Д. Огородников и др. _nГИИВТ _oКонспект лекций для студентов мех., кораблестроит., электромех. и ПТМ фак. _tАвтоматизированные системы управления предприятиями на речном транспорте _vЧ. 3 |
|
| 801 | 0 |
_aRU _bNLR _gpsbo |
|
| 801 | 1 |
_aRU _bELAR _2rusmarc |
|
| 852 |
_aNLR _j86-4/13514 |
||
| 942 | _cBOOK | ||
| 980 | _aNB | ||